LIBRARY & INFORMATION CENTRE, KCAET, TAVANUR

ONLINE PUBLIC ACCESS CATALOGUE (OPAC)

Optimal water use and cropping pattern for Thrithala regulator - cum - bridge project (Record no. 15226)

MARC details
000 -LEADER
fixed length control field 00643nam a22001697a 4500
003 - CONTROL NUMBER IDENTIFIER
control field OSt
088 ## - REPORT NUMBER
Report number T 120
100 ## - MAIN ENTRY--AUTHOR NAME
Personal name SARITHA E. K
245 ## - TITLE STATEMENT
Title Optimal water use and cropping pattern for Thrithala regulator - cum - bridge project
260 ## - PUBLICATION, DISTRIBUTION, ETC. (IMPRINT)
Place of publication Tavanur 2001
Name of publisher Kelappaji College of Agricultural Engineering and Technology
300 ## - PHYSICAL DESCRIPTION
Number of Pages 80
500 ## - GENERAL NOTE
General note Optimal water use and cropping pattern for Thrithala regulator - cum - bridge project
520 ## - SUMMARY, ETC.
Summary, etc Optimal water use and cropping pattern for Thrithala regulator - cum - bridge project
700 ## - ADDED ENTRY--PERSONAL NAME
Personal name Er. Sathian K. K (Guide)
942 ## - ADDED ENTRY ELEMENTS (KOHA)
Koha item type Theses
Holdings
Collection code Home library Current library Shelving location Full call number Accession Number Koha item type Public note
Reference KAUAET KAUAET Reference 631.75807 SAR/OP T 120 Theses M.Tech Thesis
free website counter